[Event "Casablanca Mohammed op 4th"]
[Site "Casablanca"]
[Date "2023.08.19"]
[Round "9"]
[White "Kurmangaliyeva, Liya"]
[Black "Oatlhotse, Providence"]
[Result "0-1"]
[WhiteElo "2250"]
[BlackElo "2199"]
[PlyCount "100"]
[EventDate "2023.08.14"]
[EventType "swiss"]
[EventRounds "9"]
[EventCountry "MAR"]
[SourceTitle "CBM 215 Extra"]
[Source "ChessBase"]
[SourceDate "2023.09.30"]
[SourceVersion "1"]
[SourceVersionDate "2023.09.30"]
[SourceQuality "1"]

1. e4 g6 2. d4 Bg7 3. Nc3 d6 4. Be3 a6 5. Qd2 b5 6. 0-0-0 Bb7 7. f3 Nd7 8. h4 h5 9. Nh3 Rc8 10. Ng5 e6 11. Kb1 Qe7 12. d5 e5 13. Ne2 Ngf6 14. Nc1 0-0 15. c4 bxc4 16. Bxc4 c5 17. dxc6 Rxc6 18. Bb3 Nc5 19. Bxc5 dxc5 20. Bc4 Rb6 21. Ne2 Rb4 22. b3 Bc6 23. a3 Rb6 24. Nc3 Bb5 25. Ka2 Rbb8 26. Nd5 Qb7 27. Qc2 a5 28. Bxb5 Qxb5 29. Ne7+ Kh8 30. Qc4 Qe8 31. Qxc5 a4 32. b4 Ng8 33. Nc6 Rc8 34. b5 f6 35. Nh3 Qf7+ 36. Qd5 Qb7 37. Rc1 Ne7 38. Nxe7 Qxe7 39. Rhd1 Rxc1 40. Rxc1 Rd8 41. Qc5 Qe6+ 42. Qc4 Qd6 43. Nf2 Bf8 44. Rc3 Qd2+ 45. Rc2 Qe3 46. Qe2 Qb3+ 47. Ka1 Bc5 48. Rxc5 Qxa3+ 49. Kb1 Qxc5 50. Nd1 Qb4+ 0-1

[Event "Olympiad-44"]
[Site "Chennai"]
[Date "2022.08.03"]
[Round "6.1"]
[White "Oatlhotse, Providence"]
[Black "Lim, Zhuo Ren"]
[Result "1/2-1/2"]
[WhiteElo "2204"]
[BlackElo "2318"]
[PlyCount "156"]
[EventDate "2022.07.29"]
[EventType "team-swiss"]
[EventRounds "11"]
[EventCountry "IND"]
[SourceTitle "CBM 210"]
[Source "ChessBase"]
[SourceDate "2022.10.31"]
[SourceVersion "1"]
[SourceVersionDate "2022.10.31"]
[SourceQuality "1"]
[WhiteTeam "Botswana"]
[BlackTeam "Malaysia"]
[WhiteTeamCountry "BOT"]
[BlackTeamCountry "MAS"]

1. Nf3 c5 2. c4 Nc6 3. d4 cxd4 4. Nxd4 g6 5. g3 Bg7 6. Nc2 d6 7. Bg2 Be6 8. Ne3 Rc8 9. 0-0 h5 10. Nc3 Bxc3 11. bxc3 h4 12. c5 dxc5 13. Qa4 Nf6 14. Rb1 Qc7 15. c4 Bd7 16. Bb2 Nd4 17. Qd1 hxg3 18. hxg3 Qe5 19. Re1 Bc6 20. Nd5 Nxd5 21. cxd5 Bxd5 22. Bxd4 cxd4 23. Rb5 e6 24. e4 dxe3 25. Rxd5 exf2+ 26. Kxf2 Qb2+ 27. Rd2 Qb6+ 28. Kf1 Rc5 29. Qa4+ Kf8 30. Qd4 Rf5+ 31. Kg1 Qxd4+ 32. Rxd4 Ra5 33. Re2 b6 34. Rd7 Rhh5 35. g4 Rh7 36. Rc2 Ra4 37. Rc8+ Kg7 38. Rcc7 Kf6 39. Rxa7 Rxg4 40. Rd3 Rh5 41. Rdd7 Rh7 42. Rd3 Rh5 43. Rb3 Ra5 44. Rf3+ Rf5 45. Kf2 Rb4 46. Rxf5+ gxf5 47. Bc6 Rb2+ 48. Ke1 Ke5 49. a4 f6 50. Rb7 Kd6 51. Bb5 Kc5 52. Rc7+ Kd4 53. Rc4+ Ke3 54. Rc3+ Kd4 55. Rc4+ Ke3 56. Rc3+ Kd4 57. Rc6 e5 58. Rxb6 f4 59. Rxf6 e4 60. Kd1 f3 61. Kc1 Ra2 62. Kb1 Rf2 63. Bc6 e3 64. Rf4+ Kc5 65. Bxf3 e2 66. Bxe2 Rxf4 67. Bb5 Rf2 68. Kc1 Kd4 69. Kd1 Ra2 70. Ke1 Ke3 71. Kd1 Kd4 72. Ke1 Kc3 73. Kd1 Rd2+ 74. Ke1 Rd4 75. Ke2 Kb4 76. Ke3 Rd5 77. Ke4 Rxb5 78. axb5 Kxb5 1/2-1/2

[Event "Olympiad-44"]
[Site "Chennai"]
[Date "2022.07.31"]
[Round "3.1"]
[White "Oatlhotse, Providence"]
[Black "Hernandez Guerrero, Gilberto Eduardo"]
[Result "0-1"]
[WhiteElo "2204"]
[BlackElo "2560"]
[PlyCount "86"]
[EventDate "2022.07.29"]
[EventType "team-swiss"]
[EventRounds "11"]
[EventCountry "IND"]
[SourceTitle "CBM 210"]
[Source "ChessBase"]
[SourceDate "2022.10.31"]
[SourceVersion "1"]
[SourceVersionDate "2022.10.31"]
[SourceQuality "1"]
[WhiteTeam "Botswana"]
[BlackTeam "Mexico"]
[WhiteTeamCountry "BOT"]
[BlackTeamCountry "MEX"]

1. d4 Nf6 2. c4 c5 3. d5 g6 4. Nc3 Bg7 5. e4 d6 6. Nf3 0-0 7. Nd2 a6 8. a4 Nh5 9. g3 e6 10. Be2 Nf6 11. h4 exd5 12. cxd5 Re8 13. h5 Nbd7 14. g4 Rb8 15. hxg6 hxg6 16. f3 Ne5 17. Ndb1 b5 18. axb5 axb5 19. Bxb5 Rxb5 20. Nxb5 Nxf3+ 21. Qxf3 Bxg4 22. Qg2 Rxe4+ 23. Kd2 Re2+ 24. Qxe2 Bxe2 25. Kxe2 Qe8+ 26. Kd1 Qxb5 27. Ra8+ Bf8 28. Bh6 Nh7 29. Kc1 Qb7 30. Rd8 Qxd5 31. Re1 Qh5 32. Bd2 d5 33. Ree8 d4 34. Na3 Qf3 35. Kc2 Qf5+ 36. Kc1 g5 37. b3 Kg7 38. Nc4 g4 39. Re5 Qf3 40. Kb2 g3 41. Re1 g2 42. Ne3 dxe3 43. Rxe3 Qf2 0-1

[Event "Titled Tuesday intern op 12th Jan"]
[Site "Chess.com INT"]
[Date "2021.01.12"]
[Round "2"]
[White "Gabriel, Robert A"]
[Black "Oatlhotse, Providence"]
[Result "0-1"]
[WhiteElo "2236"]
[BlackElo "2190"]
[PlyCount "96"]
[EventDate "2021.01.12"]
[EventType "swiss (blitz)"]
[EventRounds "11"]
[EventCountry "USA"]
[SourceTitle "CBM 200 Extra"]
[Source "ChessBase"]
[SourceDate "2021.03.31"]
[SourceVersion "1"]
[SourceVersionDate "2021.03.31"]
[SourceQuality "1"]

1. d4 Nf6 2. Nf3 d5 3. c4 c6 4. e3 Bg4 5. Nbd2 e6 6. Bd3 Nbd7 7. h3 Bh5 8. Qc2 Bd6 9. 0-0 0-0 10. b3 Qe7 11. Bb2 dxc4 12. Nxc4 Bxf3 13. gxf3 e5 14. Nxd6 Qxd6 15. Kh1 exd4 16. Bxd4 c5 17. Bb2 Ne5 18. Be4 Rae8 19. Rad1 Qe6 20. Bf5 Qe7 21. Rg1 Nxf3 22. Rg3 Ne5 23. Rdg1 Ng6 24. f4 Ne4 25. Bxe4 Qxe4+ 26. Qxe4 Rxe4 27. f5 Ne5 28. Rxg7+ Kh8 29. Bxe5 Rxe5 30. f6 Rxe3 31. R1g5 Rxh3+ 32. Kg2 Rh6 33. Rf5 Rxf6 34. Rxh7+ Kxh7 35. Rxf6 Kg7 36. Rf5 Rc8 37. Kf3 b5 38. Rd5 Rc6 39. Kf4 a6 40. Rd7 c4 41. bxc4 Rxc4+ 42. Ke5 Ra4 43. Rc7 Rxa2 44. Rc6 b4 45. Kf5 b3 46. Rb6 Ra5+ 47. Kf4 Rb5 48. Rxa6 b2 0-1

[Event "Titled Tuesday intern op 10th Nov"]
[Site "Chess.com INT"]
[Date "2020.11.10"]
[Round "8"]
[White "Erzhanov, Arman"]
[Black "Oatlhotse, Providence"]
[Result "1-0"]
[WhiteElo "2229"]
[BlackElo "2190"]
[PlyCount "83"]
[EventDate "2020.11.10"]
[EventType "swiss (blitz)"]
[EventRounds "11"]
[EventCountry "USA"]
[SourceTitle "CBM 199 Extra"]
[Source "ChessBase"]
[SourceDate "2021.01.31"]
[SourceVersion "1"]
[SourceVersionDate "2021.01.31"]
[SourceQuality "1"]

1. e4 c5 2. Nf3 d6 3. d4 cxd4 4. Qxd4 Nc6 5. Qe3 Nf6 6. h3 e6 7. Be2 Be7 8. 0-0 0-0 9. Rd1 Qc7 10. c4 a6 11. Nc3 b6 12. b3 Bb7 13. Ba3 Rfd8 14. Rac1 Nb8 15. Nd4 Nbd7 16. f3 Re8 17. Bf1 Rac8 18. Qf2 Ne5 19. Na4 Ba8 20. Ne2 Ned7 21. Nd4 Qb8 22. Nc3 h6 23. Kh1 Kh8 24. Rc2 Bd8 25. Bb2 Bc7 26. Rcd2 Rcd8 27. Nde2 Ne5 28. Qh4 Ng6 29. Qf2 Kg8 30. Nd4 d5 31. cxd5 exd5 32. exd5 Nxd5 33. Nxd5 Bxd5 34. Nf5 Bb7 35. Nxg7 Rxd2 36. Qxd2 Bf4 37. Qd7 Re7 38. Qd8+ Qxd8 39. Rxd8+ Nf8 40. Nh5 f5 41. Nxf4 Re1 42. Kg1 1-0

[Event "Titled Tuesday intern op 10th Nov"]
[Site "Chess.com INT"]
[Date "2020.11.10"]
[Round "6"]
[White "Oatlhotse, Providence"]
[Black "Zvereva, Margarita"]
[Result "1-0"]
[WhiteElo "2190"]
[BlackElo "1937"]
[PlyCount "125"]
[EventDate "2020.11.10"]
[EventType "swiss (blitz)"]
[EventRounds "11"]
[EventCountry "USA"]
[SourceTitle "CBM 199 Extra"]
[Source "ChessBase"]
[SourceDate "2021.01.31"]
[SourceVersion "1"]
[SourceVersionDate "2021.01.31"]
[SourceQuality "1"]

1. Nf3 Nf6 2. g3 c5 3. Bg2 Nc6 4. 0-0 e5 5. c3 d5 6. d4 Bd6 7. dxe5 Nxe5 8. Nxe5 Bxe5 9. Be3 d4 10. cxd4 cxd4 11. Bg5 0-0 12. Nd2 h6 13. Nf3 hxg5 14. Nxe5 Qd6 15. Nf3 Rd8 16. Nxg5 Rb8 17. Qd3 Be6 18. Rfd1 Rd7 19. Rd2 Rbd8 20. Rad1 Bxa2 21. b3 Qa3 22. b4 Qxd3 23. Rxd3 Bc4 24. R3d2 d3 25. exd3 Bxd3 26. Bxb7 Rxb7 27. Rxd3 Rxd3 28. Rxd3 g6 29. Rd4 Rb5 30. h4 Nd5 31. Kg2 Nxb4 32. Rd8+ Kg7 33. Rd7 Rf5 34. Rxa7 Nc6 35. Rc7 Nd4 36. Rd7 Nb5 37. Ne6+ Kg8 38. Nf4 Rc5 39. Nd5 Nc3 40. Nf6+ Kg7 41. Ne8+ Kf8 42. Nd6 Rd5 43. Rxf7+ Kg8 44. Rc7 Nd1 45. Ne4 Rd4 46. Kf3 Kf8 47. g4 Rd5 48. Ke2 Nb2 49. f4 Rd4 50. Ke3 Ra4 51. Ng5 Nd1+ 52. Ke2 Nb2 53. Ne6+ Kg8 54. Ke3 Nc4+ 55. Kf3 Nd6 56. Rd7 Ra3+ 57. Ke2 Ra2+ 58. Ke3 Ra3+ 59. Kd4 Nb5+ 60. Ke5 Nc3 61. Kf6 Ne4+ 62. Kxg6 Ra8 63. Rg7+ 1-0

[Event "Titled Tuesday intern op 27th Oct"]
[Site "Chess.com INT"]
[Date "2020.10.27"]
[Round "6"]
[White "Oatlhotse, Providence"]
[Black "Fajdetic, Hrvoje"]
[Result "1-0"]
[WhiteElo "2190"]
[BlackElo "2151"]
[PlyCount "67"]
[EventDate "2020.10.27"]
[EventType "swiss (blitz)"]
[EventRounds "11"]
[EventCountry "USA"]
[SourceTitle "CBM 199 Extra"]
[Source "ChessBase"]
[SourceDate "2021.01.31"]
[SourceVersion "1"]
[SourceVersionDate "2021.01.31"]
[SourceQuality "1"]

1. c4 f5 2. g3 Nf6 3. Bg2 e5 4. a3 a5 5. Nc3 d6 6. Rb1 Be7 7. b4 axb4 8. axb4 0-0 9. d3 Qe8 10. e3 Nc6 11. b5 Nd8 12. Bb2 f4 13. exf4 exf4 14. Nge2 f3 15. Bxf3 Bh3 16. Nf4 Bf5 17. 0-0 g5 18. Nfd5 Ne6 19. Re1 Bd8 20. Nxf6+ Rxf6 21. Bxb7 Ra7 22. Bg2 Qg6 23. Ne4 Rf8 24. g4 Bxe4 25. Bxe4 Qf7 26. Bd5 Qxf2+ 27. Kh1 Re8 28. Rxe6 Rxe6 29. Bxe6+ Kf8 30. Qf1 Qxf1+ 31. Rxf1+ Ke7 32. Bd5 Ra2 33. Bf6+ Ke8 34. Bc6+ 1-0

[Event "Titled Tuesday intern op 27th Oct"]
[Site "Chess.com INT"]
[Date "2020.10.27"]
[Round "10"]
[White "Oatlhotse, Providence"]
[Black "Matveeva, Olga"]
[Result "1-0"]
[WhiteElo "2190"]
[BlackElo "2171"]
[PlyCount "85"]
[EventDate "2020.10.27"]
[EventType "swiss (blitz)"]
[EventRounds "11"]
[EventCountry "USA"]
[SourceTitle "CBM 199 Extra"]
[Source "ChessBase"]
[SourceDate "2021.01.31"]
[SourceVersion "1"]
[SourceVersionDate "2021.01.31"]
[SourceQuality "1"]

1. c4 e5 2. g3 Nf6 3. Bg2 d5 4. cxd5 Nxd5 5. Nc3 Nb6 6. d3 Be7 7. Be3 0-0 8. Rc1 Nc6 9. a3 Be6 10. Bxc6 bxc6 11. Nf3 f6 12. 0-0 Nd5 13. Ne4 Bh3 14. Re1 Nxe3 15. fxe3 Qd5 16. Qc2 f5 17. Nf2 Bg4 18. Qxc6 Rad8 19. Qxd5+ Rxd5 20. Nxg4 fxg4 21. Nd2 Bc5 22. Nc4 e4 23. d4 Be7 24. b4 Bg5 25. Rf1 Re8 26. Rc3 h5 27. Kg2 h4 28. gxh4 Bxh4 29. Rf4 Rg5 30. Ne5 Kh7 31. Rxc7 Be1 32. Rxe4 g3 33. h4 Rf5 34. Rf4 Ref8 35. Nd3 Bd2 36. Rxf5 Rxf5 37. Kxg3 Bxe3 38. Kg4 Rf1 39. d5 Kg6 40. h5+ Kf6 41. Rc6+ Kf7 42. Ne5+ Ke7 43. Re6+ 1-0

[Event "Titled Tuesday intern op 27th Oct"]
[Site "Chess.com INT"]
[Date "2020.10.27"]
[Round "7"]
[White "Oatlhotse, Providence"]
[Black "Playa, Marcelo"]
[Result "1-0"]
[WhiteElo "2190"]
[BlackElo "2376"]
[PlyCount "65"]
[EventDate "2020.10.27"]
[EventType "swiss (blitz)"]
[EventRounds "11"]
[EventCountry "USA"]
[SourceTitle "CBM 199 Extra"]
[Source "ChessBase"]
[SourceDate "2021.01.31"]
[SourceVersion "1"]
[SourceVersionDate "2021.01.31"]
[SourceQuality "1"]

1. c4 e6 2. g3 Nf6 3. Bg2 d5 4. Nf3 c5 5. 0-0 Nc6 6. cxd5 exd5 7. d4 cxd4 8. Nxd4 Bc5 9. Nb3 Bb6 10. Bg5 0-0 11. N1d2 Be6 12. Nf3 h6 13. Bf4 Qe7 14. Nfd4 Rac8 15. Nxc6 bxc6 16. Nd4 c5 17. Nxe6 fxe6 18. e4 e5 19. Bd2 d4 20. b3 c4 21. bxc4 Rxc4 22. Qb3 Rfc8 23. Rac1 Qf7 24. Bh3 Rxc1 25. Be6 R1c7 26. f4 exf4 27. e5 Nh5 28. g4 d3+ 29. Kh1 Kf8 30. Bb4+ Ke8 31. Bxf7+ Rxf7 32. gxh5 f3 33. Qe6+ 1-0

[Event "Online Olym Div3 B"]
[Site "Chess.com INT"]
[Date "2020.08.09"]
[Round "7.1"]
[White "Oatlhotse, Providence"]
[Black "Greet, Andrew"]
[Result "0-1"]
[WhiteElo "2190"]
[BlackElo "2417"]
[PlyCount "126"]
[EventDate "2020.08.07"]
[EventType "team-tourn (rapid)"]
[EventRounds "9"]
[EventCountry "USA"]
[SourceTitle "CBM 198"]
[Source "ChessBase"]
[SourceDate "2020.10.31"]
[SourceVersion "1"]
[SourceVersionDate "2020.10.31"]
[SourceQuality "1"]
[WhiteTeam "Botswana"]
[BlackTeam "Scotland"]
[WhiteTeamCountry "BOT"]
[BlackTeamCountry "SCO"]

1. c4 e5 2. g3 c6 3. d4 e4 4. d5 cxd5 5. cxd5 Nf6 6. Bg2 Bc5 7. Nc3 e3 8. Bxe3 Bxe3 9. fxe3 d6 10. Qd4 0-0 11. Nf3 Qe7 12. 0-0 Ng4 13. e4 Nd7 14. Nh4 Nde5 15. h3 Nf6 16. Nf5 Bxf5 17. Rxf5 Nfd7 18. Raf1 Rfc8 19. b3 a6 20. R5f2 Qd8 21. Nd1 Qb6 22. Qd2 a5 23. Ne3 g6 24. Nc2 Qc5 25. Nd4 Qb4 26. Qxb4 axb4 27. e3 Ra5 28. Rd2 Rac5 29. Rff2 Rc1+ 30. Rf1 Kf8 31. Rxc1 Rxc1+ 32. Kh2 Ra1 33. g4 Ke7 34. Kg3 Nc5 35. g5 Ned3 36. Bf3 Rg1+ 37. Rg2 Rxg2+ 38. Bxg2 Nc1 39. Kf4 Nxa2 40. Bf1 Nc3 41. Bg2 Nd3+ 42. Kg3 Kf8 43. h4 Kg7 44. Nc2 h6 45. Nd4 hxg5 46. hxg5 Kf8 47. Bh1 Ke7 48. Bf3 f6 49. gxf6+ Kxf6 50. Be2 Nxe4+ 51. Kf3 Nd2+ 52. Kg2 Nc5 53. Kf2 Ndxb3 54. Nb5 Ke5 55. Bf3 Nd2 56. Bg2 b3 57. Ke2 b2 58. Na3 b1Q 59. Nxb1 Nxb1 60. Kd1 Nc3+ 61. Kc2 Nxd5 62. e4 Ne3+ 63. Kb2 Nxg2 0-1